Estatísticas para Cultura Geral

Clique aqui para jogar o quiz

Estatísticas Gerais

  • Esse quiz foi jogado 22 vezes
  • A pontuação média é 4 de 15

Estatísticas das Respostas

HintResposta% Correto
Qual é a capital da Roménia?Bucareste
88%
Que arco pode ser encontrado no final da Champs-Élysées?Arco do triunfo
76%
Em que país fica o Mosteiro da Batalha?Portugal
65%
Quem é o vilão do filme O Rei Leão?Scar
41%
Qual é o maior país do mundo que não tem uma população de ursos selvagens?Austrália
35%
Qual ilha é a fonte da maioria dos icebergs no oceano Atlântico Norte?Gronelândia
29%
Que dupla francesa de música eletrónica quase sempre usa capacete quando aparece em público?Daft Punk
24%
Como é chamada a resina de árvore fossilizada?Âmbar
18%
O que são Glastonbury, Coachella e Bonnaroo?Festivais de música
18%
Que molho é feito com manjericão, pinhões, alho, queijo e azeite?Pesto
18%
Quem é a namorada do Popeye?Olive Oyl
12%
Quem gravou "Black Magic Woman", "Oye Como Va" e "Smooth"?Carlos Santana
6%
O que são Fenders e Gibsons?Guitarras
6%
Que música de Billy Joel é frequentemente pedida em duelos de piano bar?Piano Man
6%
Qual é o único país em que você encontraria um bonobo na natureza?República Democrática do Congo
6%

Distribuição das Pontuações

Percentil de Números Respondidos

Porcentagem de Pessoas com Cada Pontuação

Sua Pontuação Histórica

Você não jogou esse quiz